000 01060cam a22001694a 4500
005 20250605163426.0
008 250528s ||||||||||||||||||||||||d
035 _a18936
040 _aGR-AtMCL
_bgre
_dGR-AtMCL
_eAACR2
245 1 _aEngineering / Electrical Engineering: Book 2
260 _bCollier Macmillan International, Inc
_bEnglish Language Service Inc,
_c1966
300 _a104
520 _aA series providing second language instruction for students with specialized interests, within a program that includes basic courses; supplementary readers; practice, reference and remedial material; and pre-recorded tapes. Electrical Fundamentals, Circuit Elements, The MKS System of Units, Modulations, Amplifier Design, Negative Resistance, Resonance, Transistor Parameters, Transistor Oscillator Design, Blocking Oscillator Design, D.C. Generator, Television Receivers, Electrical Measurements, Antennas, Radar, Digital Computers, Radio Navigation Aids, Key to Check-Ups, Appendix, Glossary.
942 _cBK
999 _c4234
_d4234